Morfología radicular de la vid: su relación con la producción, densidad y disponibilidad del viñedo

Guardado en:
Detalles Bibliográficos
Autores principales: Hidalgo Fernández-Cano, Luis (autor), Candela, Manuel R (Autor)
Formato: Libro
Lenguaje:español
Publicado: Madrid Instituto Nacional de Investigaciones Agronómicas 1969
Materias:
Etiquetas: Agregar Etiqueta
Sin Etiquetas, Sea el primero en etiquetar este registro!

MARC

LEADER 00000nam a2200000 a 4500
001 UCR3957
003 CL-VaPUC
008 980307e19690000SP |||||||||||||||||spa|d
082 0 4 |a 634.83  |b HID  |2 21 
100 |a Hidalgo Fernández-Cano, Luis  |e autor  |9 545224 
700 0 |a Candela, Manuel R  |e author  |9 403488 
245 1 0 |a Morfología radicular de la vid: su relación con la producción, densidad y disponibilidad del viñedo 
300 |a 101 p 
942 |c BK 
945 |d 19980307 00:00:00  |a jquezada 
260 |a Madrid  |b Instituto Nacional de Investigaciones Agronómicas  |c 1969 
650 0 |a Vid  |9 264784 
650 0 |a Morfología vegetal   |9 261628 
650 0 |a Viñedos  |9 389603 
650 7 |a UVAS  |2 CL-VaPUC  |9 403489 
650 7 |a PLANTACION  |2 CL-VaPUC  |9 369124 
650 0 |a Clima  |9 265281 
650 7 |a HUMEDAD  |2 CL-VaPUC  |9 259412 
650 0 |a Fertilización   |9 259681 
583 |a last modification  |c 19980307 00:00:00  |k Rodrigo Vera 
999 |c 266972  |d 266970